000 01260aam a2200337 i 4500
001 768714001
003 CO-MdFUSB
005 20240126113056.0
007 ta
008 231017t20062006cr c||cg |||| 00| 0 spa d
020 _a9977958165
020 _a9968820105
040 _aCO-MdFUSB
_bspa
_cCO-MdFUSB
_dCO-MdFUSBC
_erda
041 _aspa
082 _223
_a230 04624
_bH117
245 _aHaciendo teología en América Latina :
_bJuan Stam, un teólogo del camino
_c/ editado por Arturo Piedra
250 _asegunda edición
264 1 _aCosta Rica :
_bSebila,
_c[2006]
264 4 _c©2006
300 _a2 Volúmenes
_c; 21 cm
336 _2rdacontent
_atexto
_btxt
337 _2rdamedia
_asin mediación
_bn
338 _2rdacarrier
_avolumen
_bnc
505 _tVolumen I:
_aEncuentro con la palabra. -- Encuentro con el Señor. -- Encuentro con la reforma protestante. -- Encuentro con pensadores contemporáneos. -- Encuentro con la creación.
505 _tVolumen II:
_aEncuentro con la misión. --Encuentro con la realidad latinoamericana. -- Encuentro con la tradición profética.
563 _aRústico.
650 0 _9691
_aTeología doctrinal
_zAmérica Latina
653 _aTeología evangélica
942 _cBK
945 _asor1564
999 _c69159
_d69159